<?xml version="1.0" encoding="UTF-8"?><?xml-stylesheet type="text/xsl" href="static/style.xsl"?><OAI-PMH xmlns="http://www.openarchives.org/OAI/2.0/" xmlns:xsi="http://www.w3.org/2001/XMLSchema-instance" xsi:schemaLocation="http://www.openarchives.org/OAI/2.0/ http://www.openarchives.org/OAI/2.0/OAI-PMH.xsd"><responseDate>2026-06-02T10:34:29Z</responseDate><request verb="GetRecord" identifier="oai:riuma.uma.es:10630/21020" metadataPrefix="marc">https://riuma.uma.es/rest/oai/request</request><GetRecord><record><header><identifier>oai:riuma.uma.es:10630/21020</identifier><datestamp>2026-02-03T11:32:38Z</datestamp><setSpec>com_10630_2254</setSpec><setSpec>col_10630_37953</setSpec></header><metadata><record xmlns="http://www.loc.gov/MARC21/slim" xmlns:dcterms="http://purl.org/dc/terms/" xmlns:doc="http://www.lyncode.com/xoai" xmlns:xsi="http://www.w3.org/2001/XMLSchema-instance" xsi:schemaLocation="http://www.loc.gov/MARC21/slim http://www.loc.gov/standards/marcxml/schema/MARC21slim.xsd">
   <leader>00925njm 22002777a 4500</leader>
   <datafield ind2=" " ind1=" " tag="042">
      <subfield code="a">dc</subfield>
   </datafield>
   <datafield ind2=" " ind1=" " tag="720">
      <subfield code="a">Bazaga-García, Montse</subfield>
      <subfield code="e">author</subfield>
   </datafield>
   <datafield ind2=" " ind1=" " tag="720">
      <subfield code="a">Papadaki, M.</subfield>
      <subfield code="e">author</subfield>
   </datafield>
   <datafield ind2=" " ind1=" " tag="720">
      <subfield code="a">Pérez-Colodrero, Rosario Mercedes</subfield>
      <subfield code="e">author</subfield>
   </datafield>
   <datafield ind2=" " ind1=" " tag="720">
      <subfield code="a">Olivera-Pastor, Pascual</subfield>
      <subfield code="e">author</subfield>
   </datafield>
   <datafield ind2=" " ind1=" " tag="720">
      <subfield code="a">Losilla, Enrique R.</subfield>
      <subfield code="e">author</subfield>
   </datafield>
   <datafield ind2=" " ind1=" " tag="720">
      <subfield code="a">Nieto-Ortega, Belén</subfield>
      <subfield code="e">author</subfield>
   </datafield>
   <datafield ind2=" " ind1=" " tag="720">
      <subfield code="a">García-Aranda, Miguel Ángel</subfield>
      <subfield code="e">author</subfield>
   </datafield>
   <datafield ind2=" " ind1=" " tag="720">
      <subfield code="a">Choquesillo-Lazarte, Duane</subfield>
      <subfield code="e">author</subfield>
   </datafield>
   <datafield ind2=" " ind1=" " tag="720">
      <subfield code="a">Cabeza-Díaz, Aurelio</subfield>
      <subfield code="e">author</subfield>
   </datafield>
   <datafield ind2=" " ind1=" " tag="720">
      <subfield code="a">Demadis, Konstantinos D.</subfield>
      <subfield code="e">author</subfield>
   </datafield>
   <datafield ind2=" " ind1=" " tag="260">
      <subfield code="c">2014-12-20</subfield>
   </datafield>
   <datafield ind2=" " ind1=" " tag="520">
      <subfield code="a">The structural and functional chemistry of a family of alkali-metal ions with racemic R,S-hydroxyphosphonoacetate (M-HPAA; M = Li, Na, K, Cs) are reported. Crystal structures were determined by X-ray data (Li+, powder diffraction following an ab initio methodology; Na+, K+, Cs+, single crystal). A gradual increase in dimensionality directly proportional to the alkali ionic radius was observed. [Li3(OOCCH(OH)PO3)-(H2O)4]·H2O (Li-HPAA) shows a 1D framework built up by Li-ligand “slabs” with Li+ in three different coordination environments (4-, 5-, and 6-coordinated). Na-HPAA, Na2(OOCCH(OH)PO3H)(H2O)4, exhibits a pillared layered “house of cards” structure, while K-HPAA, K2(OOCCH(OH)PO3H)(H2O)2, and Cs-HPAA, Cs(HOOCCH(OH)-PO3H), typically present intricate 3D frameworks. Strong hydrogen-bonded networks are created even if no water is present, as is the case in Cs-HPAA. As a result, all compounds show proton conductivity in the range 3.5 × 10−5 S cm−1 (Cs-HPAA) to 5.6 × 10−3 S cm−1 (Na-HPAA) at 98% RH and T = 24 °C. Differences in proton conduction mechanisms, Grothuss (Na+ and Cs+) or vehicular (Li+ and K+), are attributed to the different roles played by water molecules and/or proton transfer pathways between phosphonate and carboxylate groups of the ligand HPAA. Upon slow crystallization, partial enrichment in the S enantiomer of the ligand is observed for Na-HPAA, while the Cs-HPAA is a chiral compound containing only the S enantiomer.</subfield>
   </datafield>
   <datafield ind1="8" ind2=" " tag="024">
      <subfield code="a">Chem. Mater. 2015, 27, 424−435</subfield>
   </datafield>
   <datafield ind1="8" ind2=" " tag="024">
      <subfield code="a">https://hdl.handle.net/10630/21020</subfield>
   </datafield>
   <datafield ind1="8" ind2=" " tag="024">
      <subfield code="a">10.1021/cm502716e</subfield>
   </datafield>
   <datafield tag="653" ind2=" " ind1=" ">
      <subfield code="a">Química inorgánica</subfield>
   </datafield>
   <datafield ind2="0" ind1="0" tag="245">
      <subfield code="a">Tuning Proton Conductivity in Alkali Metal Phosphonocarboxylates by Cation Size-Induced and Water-Facilitated Proton Transfer Pathways</subfield>
   </datafield>
</record>
</metadata></record></GetRecord></OAI-PMH>